MARC

LEADER 00000nam0a2200000 4500
001 284229
005 20231101235656.0
035 |a (RuTPU)RU\TPU\book\308369 
090 |a 284229 
100 |a 20150212d1962 m y0rusy50 ca 
101 0 |a rus 
102 |a RU 
105 |a a z 001zb 
200 1 |a Иван Петрович Кулибин. 1735-1818  |f Н. М. Раскин  |g Академия наук СССР (АН СССР) 
210 |a Москва  |a Ленинград  |c Изд-во АН СССР  |d 1962 
215 |a 207 с.  |c ил. 
225 1 |a Научно-биографическая серия 
320 |a Указ. имен: с. 203-206 
600 1 |a Кулибин  |b И. П.  |c российский механик-самоучка  |f 1735-1818  |g Иван Петрович  |2 stltpush  |3 (RuTPU)RU\TPU\pers\13136  |9 3820 
606 1 |a Изобретательство  |2 stltpush  |3 (RuTPU)RU\TPU\subj\12294  |9 39105 
610 1 |a изобретательское дело 
610 1 |a биография 
610 1 |a 18 век 
610 1 |a ученые 
610 1 |a Россия 
610 1 |a изобретения 
610 1 |a механика 
610 1 |a моторостроение 
675 |a 608.1(092)  |v 3 
700 1 |a Раскин  |b Н. М.  |g Наум Михайлович 
712 0 2 |a Академия наук СССР (АН СССР)  |c (1925-1991)  |2 stltpush  |3 (RuTPU)RU\TPU\col\722 
801 1 |a RU  |b 63413507  |c 20150212 
801 2 |a RU  |b 63413507  |c 20170113  |g RCR 
942 |c BK